000 00289nam a2200121 a 4500
001 4144
005 20140414132022.0
008 090317s19uu xx 00 eng d
050 _aTR
_bIF9 1999
100 _aEndersby, Frank
245 _aIf you're happy and you know it!.
999 _c113492
_d113492